000 00513nam a2200181Ia 4500
005 20250508154318.0
008 008 250505s9999 xx 000 0 eng d
037 _aTextual
040 _aFEDL
_beng
_cFEDL
041 _aeng
_2eng
084 _a510, KEM
_qFEDL
100 _aKemey John G...(et.al).
_9765300
245 0 _aFiite mathematical structures
260 _aEnglewood Cliffs, USA
_bPrentice-Hall, Inc
_c1959
300 _axi,487p
942 _cTEXL
_h510, KEM
999 _c1349531
_d1349531